LEADER 00692naa a2200157 i 4500 001 000000295499 003 CaOOAMICUS 005 20180831172527.0 008 180831n xx u000 u und u 013 $a2794 040 $aSeMil$bita 100 1 $aLaboa Gallego, Juan María <1939- >.$0(OLS)http://semarc/name/3748 245 10$aPablo 6., el régimen político y la sociedad española. 650 4$aSpagna - Storia - Sec. 20.$0(OLS)http://semarc/subject/6369 773 0 $tPablo 6. y España.$dBrescia : Istituto Paolo 6., 1996.$kPubblicazioni dell'Istituto Paolo 6.$z88-382-3738-7$gp.17-44$w()47745 996 $6245$aPablo 6., el régimen político y la sociedad española$9(OLS)http://semarc/title/371559 LEADER 01110nam a2200265 4500 001 000000335002 003 CaOOAMICUS 005 20190823151120.0 008 190716s2000 it 000 u ita r 020 $a88-315-1901-8 040 $aSeMil$bita 100 1 $aGiannoni, Paolo.$0(OLS)http://semarc/name/19991 245 10$aGesù orante :$blectio divina sull'esperienza di Gesù /$cPaolo Giannoni. 264 1$aMilano :$bPaoline,$c2000. 300 $a308 p. ;$c20 cm 490 1 $aDalla Parola alla vita [Paoline] ;$v11 650 4$aGesù Cristo - Preghiera.$0(OLS)http://semarc/subject/5396 830 0$aDalla Parola alla vita ;$v11.$0(OLS)http://semarc/title/13067 850 $aSeMil 852 $aSeMil$W1$xVenegono$y1$m3F VI 368$j215805$B227052$CSeMilBibl$Z2$F227052 $81 961 $aPerego don Stefano - Omaggio 996 $6020$a88-315-1901-8$9(OLS)http://semarc/number/287988 996 $6245$aGesù orante :$blectio divina sull'esperienza di Gesù$9(OLS)http://semarc/title/424582 996 $6264$aMilano :$bPaoline$9(OLS)http://semarc/publisher/29684